Elvis Presley Albums Tile Select - Statistics

General Stats
  • This quiz has been taken 63 times
  • The average score is 23 of 45
Answer Stats
Question Tile Select % Correct
the following songs that are on Elvis Presley (1956). Blue Suede Shoes Yes
86%
the following songs that are on From Elvis in Memphis (1969). In the Ghetto Yes
68%
the following songs that are on From Elvis in Memphis (1969). You Don't Have to Say You Love Me No
68%
the following songs that are on Elvis Is Back! (1960). G.I. Blues No
66%
the following songs that are on Elvis Presley (1956). Good Rockin' Tonight No
66%
the following songs that are on From Elvis in Memphis (1969). I Really Don't Want to Know No
66%
the following songs that are on Elvis Is Back! (1960). Don't No
64%
the following songs that are on Elvis Presley (1956). Don't Be Cruel No
64%
the following songs that are on Elvis (1956). Shake, Rattle and Roll No
64%
the following songs that are on Elvis Is Back! (1960). Fever Yes
62%
the following songs that are on Elvis Presley (1956). I Forgot to Remember to Forget No
62%
the following songs that are on Elvis Presley (1956). I Got a Woman Yes
62%
the following songs that are on Elvis (1956). Love Me Yes
60%
the following songs that are on Pot Luck (1962). A Mess of Blues No
58%
the following songs that are on Elvis Presley (1956). I Love You Because Yes
58%
the following songs that are on Elvis Presley (1956). Money Honey Yes
58%
the following songs that are on Elvis (1956). All Shook Up No
56%
the following songs that are on Elvis Is Back! (1960). Hard Headed Woman No
56%
the following songs that are on Elvis Presley (1956). Just Because Yes
54%
the following songs that are on Elvis Is Back! (1960). (Let Me Be Your) Teddy Bear No
54%
the following songs that are on Elvis (1956). Jailhouse Rock No
52%
the following songs that are on Pot Luck (1962). Can't Help Falling in Love No
50%
the following songs that are on Elvis Presley (1956). Hound Dog No
50%
the following songs that are on Elvis (1956). Ready Teddy Yes
50%
the following songs that are on Elvis (1956). Rip It Up Yes
50%
the following songs that are on Elvis (1956). When My Blue Moon Turns to Gold Again Yes
50%
the following songs that are on From Elvis in Memphis (1969). Burning Love No
48%
the following songs that are on Elvis Is Back! (1960). It Feels So Right Yes
48%
the following songs that are on Pot Luck (1962). Are You Lonesome Tonight No
46%
the following songs that are on From Elvis in Memphis (1969). If I Can Dream No
46%
the following songs that are on Elvis Is Back! (1960). One Night No
46%
the following songs that are on From Elvis in Memphis (1969). Any Day Now Yes
44%
the following songs that are on Elvis (1956). Paralyzed Yes
44%
the following songs that are on Pot Luck (1962). Kiss Me Quick Yes
42%
the following songs that are on From Elvis in Memphis (1969). Gentle on My Mind Yes
40%
the following songs that are on Elvis (1956). Heartbreak Hotel No
40%
the following songs that are on Elvis Is Back! (1960). I Will Be Home Again Yes
40%
the following songs that are on Pot Luck (1962). Night Rider Yes
40%
the following songs that are on From Elvis in Memphis (1969). Only the Strong Survive Yes
40%
the following songs that are on Pot Luck (1962). Surrender No
40%
the following songs that are on From Elvis in Memphis (1969). It Keeps Right On A-Hurtin' Yes
32%
the following songs that are on Pot Luck (1962). (Such an) Easy Question Yes
32%
the following songs that are on Elvis Is Back! (1960). The Thrill of Your Love Yes
30%
the following songs that are on Pot Luck (1962). That's Someone You Never Forget Yes
24%
the following songs that are on Pot Luck (1962). Steppin' Out of Line Yes
22%
No matching quizzes found
Score Distribution
Percent of People with Each Score
Percentile by Number Answered
Your Score History
You have not taken this quiz